Rozbor diferenciácie vo výsledkoch poľnohospodárskych podnikov, hospodáriacich v približne rovnakých prírodných podmienkach

Gespeichert in:
Bibliographische Detailangaben
Format: Buch
Sprache:Slowakisch
Veröffentlicht: Bratislava Slovenský štatistický úrad 1983
Tags: Tag hinzufügen
Keine Tags, Fügen Sie das erste Tag hinzu!

MARC

LEADER 00000nam a2200000 4500
001 c115212
005 20221128070935.9
041 0 |a slo 
044 |a SK 
245 1 0 |a Rozbor diferenciácie vo výsledkoch poľnohospodárskych podnikov, hospodáriacich v približne rovnakých prírodných podmienkach 
264 1 |a Bratislava  |b Slovenský štatistický úrad  |c 1983 
300 |a 43 s.